Statistics for Buffalo Icons

Click here to take the quiz!

General Stats

  • This quiz has been taken 95 times
  • The average score is 6 of 15

Answer Stats

HintAnswer% Correct
Original home of the buffalo wing (most widely accepted)Anchor Bar
86%
Exciting boat ride close to the base of Niagara FallsMaid of the Mist
84%
Area code (now also a bar)716
82%
Famous red hotsTed's
67%
Famous donut shop (most well known)Paula's Donuts
59%
"La la la ______!!!" (name athlete)Lafontaine
49%
Famous architect known for his work in BuffaloFrank Lloyd Wright
44%
Still-going-strong 5&10 shop in East AuroraVidler's
38%
Sabres sports announcerRick Jeanneret
37%
Millard Filmore and Rick James are both buried hereForest Lawn Cemetery
37%
Sister-restaurant of the above, located just down the road, also on the riverMississippi Mudds
19%
Name of the tiny branch-off falls just to the right of Niagara Falls American sideBridal Veil Falls
16%
Local restaurant of hot dogs, ice cream, and more located on the Niagara RiverOld Man River
12%
Independent bookstore with 2 locations... and catsTalking Leaves
11%
The only true comic book store in Buffalo, also participates in Free Comic Book DayQueen City Bookstore
1%

Score Distribution

Percentile by Number Answered

Percent of People with Each Score

Your Score History

You have not taken this quiz